000 01478nam a2200385 i 4500
001 193861
003 SpMaBN
005 20250829051600.0
008 181001s2018 sp a | |||| 001 0bspa
015 _aMON18
017 _aM 4344-2018
_bOficina Depósito Legal Madrid
020 _a9788491642817
035 _a(OCoLC)1117393533
040 _aSpMaBN
_bspa
_cSpMaBN
_erda
080 _a94(460)"1621/65"
100 1 _aAlvar Ezquerra, Alfredo,
_d1960-
_eaut
_920585
245 1 0 _aFelipe IV. El Grande /
_cAlfredo Alvar Ezquerra.
250 _aSegunda edición: noviembre de 2018
264 1 _aMadrid :
_bLa Esfera de los Libros,
_c[2018].
264 4 _c©2018
300 _a692 páginas, 48 páginas de láminas sin numerar (blanco y negro y color) :
_c25 cm.
336 _aTexto
_2rdacontent
337 _asin mediación
_2rdamedia
338 _avolumen
_2rdacarrier
504 _aBibliografía: páginas 647-668. Índice
600 0 4 _aFelipe
_bIV,
_cRey de España
_2embne
_949181
651 4 _aEspaña-
_xHistoria-
_y1621-1665, Felipe IV
_2embne
_98235
655 0 _aBiografías
_9176647
852 _aES-MaACL
_bR.154961
_cDEPOJ
_jN-9739
_xEncuadernación cartoné con sobrecubierta
_hDonación: Alfredo Alvar Ezquerra
_9205406
903 _aAlvar Ezquerra, Alfredo,
_d1960-
_ednr
_920585
942 _cMONOGRAFIA
_n0
999 _c193861
_d193861